000 00439cam a2200145K 4500
082 _a940.4
_bHIS
100 1 _aMacMunn, George Fletcher,
245 1 0 _aMilitary operations, Egypt & Palestine.
260 _aLondon,
_bH.M.S.O.,
_c1908-30.
300 _a2 v. in 3 + Atlases.
490 1 _aHistory of the great war ...
526 _a0
_b0
_c0
_d940_400000000000000_HIS
650 0 _aWorld War, 1914-1918
_xCampaigns
_zTurkey.
942 _2ddc
_cBK
999 _c552535
_d552535